Rapid review pathology (Record no. 44301)

MARC details
000 -LEADER
fixed length control field 00403nam a2200181Ia 4500
020 ## - INTERNATIONAL STANDARD BOOK NUMBER
ISBN 9780323476683
050 ## - CALL MARK
Classification number RB 120 .G65/
100 ## - STATEMENT OF RESPONSIBILITY--MAIN AUTHOR NAME
Personal name Edited by Edward F. Goljan
245 #0 - TITLE STATEMENT
Title Rapid review pathology
250 ## - EDITION / VOLUME STATEMENT
Edition / Volume statement 45h ed.
260 ## - PUBLICATION, DISTRIBUTION, ETC. (IMPRINT)
Place of publication Philadelphia
260 ## - PUBLICATION, DISTRIBUTION, ETC. (IMPRINT)
Name of publisher Elsevier
260 ## - PUBLICATION, DISTRIBUTION, ETC. (IMPRINT)
Year of publication 2019
300 ## - PHYSICAL DESCRIPTION
Number of Pages 771 p
650 ## - SUBJECT ADDED ENTRY--TOPICAL TERM
Topical Term Pathology
942 ## - ADDED ENTRY ELEMENTS (KOHA)
Koha item type Books
Source of classification Library of Congress Classification

No items available.